Drapeaux en formes de Pays #3 - Statistiques

Statistiques générales
  • Ce quiz a été pris 27 416 fois
  • Le résultat moyen est 12 sur 16
Statistiques - réponses
Par images Réponse % Correct
Chine
100%
Canada
99%
Espagne
98%
Royaume-Uni
97%
Israël
95%
Pérou
81%
Sri Lanka
80%
Biélorussie
78%
Moldavie
73%
Papouasie-Nouvelle-Guinée
63%
Burkina Faso
61%
Niger
60%
Trinité-et-Tobago
52%
Bahamas
48%
Fidji
45%
Guyana
42%
Aucun quiz correspondant
Distribution des résultats
% des personnes avec chaque résultat
Percentile par nombre de réponses
Votre historique - résultats
Vous n’avez pas pris ce quiz